000 00296nam a2200133Ia 4500
008 221030s9999 xx 000 0 und d
041 _aEnglish
082 _a105.23
100 _aShahnaz Quyoom/457
245 0 _aDTMF Remote Control System
260 _aJammu
_c1999
650 _aECE
942 _cTH
999 _c399
_d399